| 000 | 01784nam a2200193Ia 4500 | ||
|---|---|---|---|
| 003 | Ost | ||
| 005 | 20260507075801.0 | ||
| 008 | 260507s9999||||xx |||||||||||||| ||und|| | ||
| 040 | _cfsecg | ||
| 041 | _aara | ||
| 100 |
_aالناشف، أنطوان _eمؤلف |
||
| 245 | 0 |
_aالعمليات المصرفية والسوق المالية: : _bالنظام القانوني للنظام المصرفي في لبنان مع ملحق شامل بالقوانين والاحتمالات الجزء الاول / _c أنطوان الناشف |
|
| 260 |
_aطرابلس: _bالمؤسسة الحديثة للكتاب, _c1998 |
||
| 300 |
_a384 صفحة؛ _c25 سم |
||
| 520 | _aالتطور التاريخي والتشريعي للنظام النقدي في لبنان-التطور التاريخي والتشريعي للنظام المصرفي في لبنان-مراحل الإصلاح المصرفي-مصرف لبنان-المصارف التجراية-قواعد إنساء وإدارة اغلمصارف التجراية في لبنان-الودائع المصرفية-التسليفات المصرفية-السرية المصرفية-تبييض الأموال-الرقابة على المصارف-الجرائم الجزائية في القانون النقد والتسليف والسرية المصرفية-النظام القانوني للشيك في لبنان-الراسمال المصرفي-بطاقات الائتمان-المؤسسة الوطنية لضمان الودائع-الدمج المصرفي-إجتهادات في موضوع المصارف-القوانيين والتعاميم المتعلقة بالعمل المصرفي في لبنان. | ||
| 653 | _aالعمليات المصرفية | ||
| 700 |
_aالهندي، خليل _eمؤلف ثانوي |
||
| 942 | _cكتاب | ||
| 999 |
_c46269 _d46269 |
||